Movies Quiz

Random Movies or Star Wars Quiz

Star Wars Characters Quiz Stats

 Plays Quiz Updated Nov 25, 2017

Support Sporcle.
Go Orange.
Score 0/32 Timer 08:00
58 Plays Today
Portrayer Character % Correct
Mark HamillLuke Skywalker
98.7%
Harrison FordHan Solo
96%
David Prowse/James Earl JonesDarth Vader
93.5%
Carrie FisherPrincess Leia
92.7%
Alec Guinness/Ewan McGregorObi-Wan Kenobi
92%
Frank OzYoda
88.3%
Kenny BakerR2-D2
86.4%
Jake Lloyd/Hayden ChristensenAnakin Skywalker
85.8%
Anthony DanielsC-3PO
85.3%
Peter MayhewChewbacca
79.2%
Ian McDiarmid/Clive RevillEmperor (Palpatine)
76.9%
Natalie PortmanPadme Amidala
76.6%
Billy Dee WilliamsLando Calrissian
70.2%
Liam NeesonQui-Gon Jinn
70%
Samuel L. JacksonMace Windu
69.4%
Ray Park/Peter SerafinowiczDarth Maul
62.2%
Portrayer Character % Correct
Ahmed BestJar Jar Binks
59.2%
Jeremy Bulloch/Daniel LoganBoba Fett
58.5%
Christopher LeeCount Dooku
57.4%
Larry WardJabba the Hutt
51.9%
Temuera MorrisonJango Fett
49.3%
Peter Cushing/Wayne PygramGrand Moff Tarkin
32.6%
Jimmy SmitsSenator Bail Organa
28.3%
Phil Brown/Joel EdgertonOwen Lars
28.2%
Matthew WoodGeneral Grievous
27%
Denis Lawson/Colin HigginsWedge Antilles
26.2%
Timothy RoseAdmiral Ackbar
24.6%
Pernilla AugustShmi Skywalker
23%
Silas CarsonNute Gunray
18.2%
Andy SecombeWatto
16%
Oliver Ford DaviesSio Bibble
4.9%
Jerome Blake/David BowersMas Amedda
4.4%

You're not logged in!

Compare scores with friends on all Sporcle quizzes.
OR
Log In

From the Vault

20 English Words That Come from India

by newenglander

Betcha didn't know you could speak another language!
Remove Ads.
Support Sporcle.
Get the best of Sporcle when you Go Orange. This ad-free experience offers more features, more stats, and more fun while also helping to support Sporcle. Thank you for becoming a member.

Show Comments

Extras

Top Quizzes Today


Score Distribution

Your Account Isn't Verified!

In order to create a playlist on Sporcle, you need to verify the email address you used during registration. Go to your Sporcle Settings to finish the process.

Report this User

Report this user for behavior that violates our Community Guidelines.

Details: